| 000 | 00936cab a2200289 4500 | ||
|---|---|---|---|
| 001 | ABS49952 | ||
| 008 | 090401t1993 xxu||||| |||| 00| 0 eng d | ||
| 035 | _a(Sirsi) u73458 | ||
| 041 | _aeng | ||
| 100 | _aHendry, J. | ||
| 245 | _aConservation areas in Northern Ireland | ||
| 260 | _c1993 | ||
| 350 | _a0 | ||
| 490 |
_aTown Planning Review _v64(4) October 1993, 415-434(11) |
||
| 520 | _aDescribes conservation area legislation in Northern Ireland which is very similar to that in Great Britain but application of which differs in that it is controlled by central rather than local government. | ||
| 650 | _aBELFAST | ||
| 650 | _aCONSERVATION AREA GRANTS | ||
| 650 | _aCONSERVATION AREAS | ||
| 650 | _aNORTHERN IRELAND | ||
| 650 | _aPLANNING POLICY | ||
| 650 | _aTOWNSCAPES | ||
| 650 | _aURBAN REGENERATION | ||
| 690 | _aCONSERVATION | ||
| 690 | _aPLANNING LAW AND PRACTICE | ||
| 942 | _n0 | ||
| 948 | _c04/03/1997 | ||
| 999 |
_c46432 _d46432 |
||